American government : (Record no. 16643)
[ view plain ]
| 000 -LEADER | |
|---|---|
| fixed length control field | 00610cam a2200205 a 4500 |
| 020 ## - INTERNATIONAL STANDARD BOOK NUMBER | |
| ISBN | 0675020875 |
| 020 ## - INTERNATIONAL STANDARD BOOK NUMBER | |
| ISBN | 9780675020879 |
| 020 ## - INTERNATIONAL STANDARD BOOK NUMBER | |
| ISBN | 0675180023 (teacher guide) |
| 020 ## - INTERNATIONAL STANDARD BOOK NUMBER | |
| ISBN | 9780675180023 (teacher guide) |
| 040 ## - CATALOGING SOURCE | |
| Transcribing agency | DLC |
| 082 00 - DEWEY DECIMAL CLASSIFICATION NUMBER | |
| Classification number | 320 MER 1991 A108 Or. |
| 100 1# - MAIN ENTRY--AUTHOR NAME | |
| Personal name | Turner, Mary Jane, |
| 245 10 - TITLE STATEMENT | |
| Title | American government : |
| Remainder of title | principles and practices / |
| 250 ## - EDITION STATEMENT | |
| Edition statement | Teacher annotated ed. |
| 260 ## - PUBLICATION, DISTRIBUTION, ETC. (IMPRINT) | |
| Place of publication | Columbus, Ohio : |
| Name of publisher | Merrill Pub. Co., |
| Year of publication | c1991. |
| 300 ## - PHYSICAL DESCRIPTION | |
| Number of Pages | xix, 748 p. : |
| Other physical details | ill. (some col.) ; |
| Dimensions | 27 cm. |
| 700 1# - ADDED ENTRY--PERSONAL NAME | |
| Personal name | Switzer, Kenneth A. |
| 700 1# - ADDED ENTRY--PERSONAL NAME | |
| Personal name | Redden, Charlotte Ann. |
| 942 ## - ADDED ENTRY ELEMENTS (KOHA) | |
| Koha item type | សៀវភៅភាសាអង់គ្លេស |
| 952 ## - LOCATION AND ITEM INFORMATION (KOHA) | |
| Withdrawn status [LOCAL, KOHA] | 0 |
| Permanent Location | Date acquired | Koha item type | Lost status | Shelving location | Barcode | Current Location | Full call number |
|---|---|---|---|---|---|---|---|
| Library Block A | 2018-03-19 | សៀវភៅភាសាអង់គ្លេស | A108 | A15409 | Library Block A | 320 MER 1991 A108 Or. |